000 01411nam2a22002651 4500
001 RU\NLR\INFOCOMM15\1000083532
005 20040303124559.0
035 _a(NLR Aleph) 002436757
090 _a2044949
_c2044949
100 _a20040303d1965 |||y0rusy50 ca
101 0 _arus
102 _aRU
105 _ay |||||||||
200 1 _aНовое в технике безопасности и улучшении условий труда при обслуживании контактной сети
_fЯ.А. Зельвянский
210 _d1965
423 1 _12001#$aИнформации по материалам железных дорог
_tИнформации по материалам железных дорог
461 0 _1001RU\NLR\INFOCOMM15\1000083525
_12001#$aЖелезнодорожный транспорт$iОхрана труда$fЦНИИ информ., техн.-экон. исслед. и пропаганды ж.-д. трансп.$vВып.7
_92044883
_cМ.
_d1965-1984
_fЦНИИ информ., техн.-экон. исслед. и пропаганды ж.-д. трансп.
_iОхрана труда
_tЖелезнодорожный транспорт
_x0203-1884
_vВып.7
700 1 _aЗельвянский
_bЯ. А.
_4070
801 0 _aRU
_bNLR
_gPSBO
801 1 _aRU
_bInfoComm
_c20040303
852 _aNLR
_jП10/3049
942 _cISSUE
980 _aNB
980 _aRUSPER